000 00258nam a2200109Ia 4500
008 230907s9999||||xx |||||||||||||| ||und||
082 _a346.04679,HEF
100 _aHeffron,Raphael J.
_9115092
245 0 _aEnergy law :
300 _axiii,72p.:
942 _cBK
999 _c597533
_d597533